Top 10 most important and famous people from Venezuela - Statistics

General Stats
  • This quiz has been taken 32 times
  • The average score is 6 of 10
Answer Stats
Hint Answer % Correct
President of Venezuela since 2013 Nicolás Maduro
100%
President of Venezuela from 1999 until his death in 2013 Hugo Chávez
93%
Military and political leader who led what are currently the countries of Colombia, Venezuela, Ecuador, Peru, Panama and Bolivia to independence from the Spanish Empire. He is known colloquially as El Libertador Simón Bolívar
90%
Fashion designer known for her personal style and for dressing various US First Ladies Carolina Herrera
55%
Legislator, philosopher, educator and philologist, whose political and literary works constitute an important part of Spanish American culture Andrés Bello
48%
Baseball player, who has been 12 times MLB All-Star Miguel Cabrera
45%
Athlete who holds the world record for women's triple jump, at 15.74 m. She is the current Olympic champion and three times World Champion Yulimar Rojas
45%
The Father of Venezuelan Democracy, he was the president of Venezuela, serving from 1945 to 1948 and again from 1959 to 1964 Rómulo Betancourt
41%
The most relevant Venezuelan novelist of XX century and a prominent figure in Latin American literature Rómulo Gallegos
38%
Immunologist winner of 1980 Nobel Prize in Medicine for the discovery of the major histocompatibility complex genes which encode cell surface protein molecules important for the immune system's distinction between self and non-self Baruj Benacerraf
17%
No matching quizzes found
Score Distribution
Percent of People with Each Score
Percentile by Number Answered
Your Score History
You have not taken this quiz